| 000 | 00534nam a22002297a 4500 | ||
|---|---|---|---|
| 008 | 150222b xxu||||| |||| 00| 0 eng d | ||
| 020 | _a978-93-82618-45-4 | ||
| 041 | _aEng. | ||
| 082 |
_a904 _bD15s |
||
| 100 | _aDalal, Deepak | ||
| 245 | _aSnow leopard. | ||
| 260 |
_aBanglore: _bGrey Oak Publishers _c2000 |
||
| 300 | _a170p. | ||
| 650 | _aAdventure and adventures | ||
| 650 | _aTravel | ||
| 650 | _aAnimal | ||
| 650 | _aWildlife | ||
| 650 | _aLeopards | ||
| 650 | _aTigers | ||
| 650 | _aVillage | ||
| 942 |
_2ddc _cGEN |
||
| 999 |
_c74991 _d74980 |
||